01103 2200253 4500001002100000005001500021035002000036008004100056020001800097041000800115082001100123084001700134100001900151245004400170260004200214300002800256500001900284504001700303520045600320650001400776250001100790990002400801990002400825INLIS00000000000226920221103025742 a0010-0520002269221103 | | eng  a1-85941-667-5 aeng a346.02 a346.02 STO m0 aStone, Richard14aModern Law of Contract /cRichard Stone aLondon :bCavendish Publishing,c2004 ax1iii, 469 p. ;c23 cm. aIndeks : Index abibliography aThe Modern Law of Contract builds on the success of the popular Principles of contract Law. This new edition has been greatly expanded and thoroughly revised, with the analysis of contract law centred on solid examination of case law and statute. Taking account of a variety of theoritical approaches - economic. sociological and empirical - the book combines meticulous examination of authorities and commentary with a modern and contextual approach. 4acontracts a5th Ed a00874/MKRI-P/I-2005 a00874/MKRI-P/I-2005